000 00854nam a2200205Ia 4500
003 DO-SdBJH
005 20180413023717.0
008 180411s9999 dr 000 0 spa d
040 _aDO-SdBJH
_bspa
_cDO-SdBJH
041 _aspa
082 _aRD 861.44 B171Ge
100 1 _aGerón, Cándido
245 1 0 _aHacia una interpretación de la poesía de Joaquín Balaguer / Cándido Gerón
260 _aSanto Domingo : Editora Corripio, 1991
300 _a294 páginas
505 _aAspectos generales en la poesía de Joaquín Balaguer 35|El intimismo en la poesía de Joaquín Balaguer 101|Lo mistico y lo erotico en la poesía de Joaquín Balaguer 115|La estirpe gloriosa 181|Selección poetica de Joaquin Balaguer 235
600 1 _aBalaguer, Joaquín, 1906-2002 -- República Dominicana
942 _2ddc
_cBK
999 _c2555
_d2555